| 000 | 00399nam a2200145Ia 4500 | ||
|---|---|---|---|
| 008 | 230917s9999||||xx |||||||||||||| ||und|| | ||
| 040 |
_e39217 _aMAIN |
||
| 041 | _aEnglish | ||
| 082 | _a954.5 D262N | ||
| 100 | _aDatta, VN, ed | ||
| 245 | 0 | _aNew light on the Punjab disturbances om 1919 v.2 | |
| 260 |
_aSimla _bIndian Institute of Advanced Study _c1975 |
||
| 300 | _a833-1155 v2 p. | ||
| 942 | _cBK | ||
| 999 |
_c186817 _d186817 |
||